Państwa wchodzące w skład Imperium Belgijskiego - Statystyki

Ogólne statystyki
  • Ten quiz został rozwiązany 35 razy
  • Średni wynik to 3 z 6
Statystyki odpowiedzi
Kontynent Państwo % Poprawnych
Europa Belgia
100%
Afryka Demokratyczna Republika Konga
93%
Afryka Rwanda
55%
Afryka Burundi
52%
Azja Chiny (strefa portu Tianjin)
34%
Afryka Maroko (międzynarodowa strefa Tangier)
14%
Nie znaleziono quizów pasujących do podanych kryteriów
Rozkład punktacji
Procent ludzi z każdym wynikiem
Percentyl według liczby udzielonych odpowiedzi
Twoja historia wyników
Nie rozwiązałeś tego quizu